000 00284nam a22001217a 4500
082 _a894.812
_bMRI/A
100 _aMRIDANANDASWAMI
245 _aITHAREYOPANISHATH
260 _aTHRICHUR
_bSREERAMAKRISHNA MADAM
_c1992
300 _a64
650 _aGENERAL KNOWLEDGE
_zKERALA
942 _cBK
999 _c1040
_d1040